000 00787nam a22002537a 4500
001 BR7404052
003 BR-BrBNA
005 20230928084559.0
007 ta
008 230509b bl.||||| |||| 00| 0 por d
040 _aBR-BrBNA
_bpor
_cBiblioteca Nacional de Agricultura
041 _a(Por)
072 _aS00
_b9000
_b/G514
090 _ 9000 BR7404052
110 1 _aInstituto Nacional de Alimentacao e Nutricao, Brasilia, DF (Brasil)
_96395
245 1 _aProjeto UCIN. Unidade Comunitaria Integrada de Nutricao [Brasil]
_bProjeto Demonstrativo de Atendimento Global ao Pre-Escolar
260 3 _aBrasilia, DF (Brasil):
_c1973.
300 _a76 p.
650 _aALIMENTO
650 _aNUTRICAO HUMANA
650 _aCUSTO
909 _a202309
_bLucia
_c55
_dLucia Elande
942 _cBK
999 _c19888
_d19888